| 000 | 02371naa a2200313Ia 4500 | ||
|---|---|---|---|
| 003 | OSt | ||
| 005 | 20260410100345.0 | ||
| 008 | 260410s2014 xx 000 0 und d | ||
| 040 |
_aFoundation University _beng _cFoundation University _erda |
||
| 050 |
_aCOA (CrSci-Th) LG 221 D35 A37 _bA5 C76 2013 B47 |
||
| 099 | _a1112 | ||
| 100 |
_aBermejo, Mavin Christopher H. _92088 _eauthor |
||
| 245 | 1 | 0 |
_aAgricultural field practice Stanfilco, a division of DOLE Philippines Incorporated Brgy. Malinao, Kaulangan, Bukidnon / _bby Mavin Christopher H. Bermejo |
| 264 |
_aDumaguete City _bFoundation Uiniversity, _c2013. _42013. |
||
| 300 |
_ax, 108 leaves : _bill. (col.) ; _c28 cm. _3volume _fresource |
||
| 336 |
_2rdacontent _atext _btxt |
||
| 337 |
_2rdamedia _aunmediated _bn |
||
| 338 |
_3rdacarrier _avolume _bnc |
||
| 500 | _aField practice report conducted at Stanfilco, a division of DOLE Philippines Incorporated, located in Barangay Malinao, Kaulangan, Bukidnon. | ||
| 502 | _aUndergraduate field practice (Bachelor of Science in Agriculture major in Crop Science) -- Foundation University, 2013. | ||
| 504 | _aIncludes bibliographical references and appendices. | ||
| 520 | _aThis field practice report presents the experiences and competencies developed during the agricultural training at Stanfilco, a division of DOLE Philippines Incorporated, in Barangay Malinao, Kaulangan, Bukidnon. It describes the various activities performed in plantation management, including crop maintenance, fertilization, pest and disease control, and harvesting operations. The report also highlights large-scale agricultural practices, farm management systems, and quality control measures implemented in commercial farming. Furthermore, it reflects on the knowledge and practical skills acquired, challenges encountered during the training, and recommendations for improving productivity and sustainability in plantation agriculture. | ||
| 650 |
_2Plantation agriculture _xPhilippines. _915484 |
||
| 650 |
_aCrop production _xManagement. _915485 |
||
| 650 |
_aAgriculture _915482 _xPhilippines _xManagement. |
||
| 650 |
_aAgricultural education _915486 _xFieldwork. |
||
| 658 |
_aField Practice : _bAgriculture major in Crop Science, Bachelor of Science in ; _cASC 48A. |
||
| 942 |
_2lcc _cTH _hLG 221 D35 A37 _iA5 C76 2013 B47 _kCOA (CrSci-Th) |
||
| 999 |
_c5729 _d5729 |
||